Drapeaux des pays d'Europe - Mort subite - Statistiques

Statistiques générales
  • Ce quiz a été pris 627 380 fois
  • Le résultat moyen est 7 sur 15
Answers on the Grid
Answers color-coded by a green-red scale on the quiz's grid according to % correct below.
 
Statistiques - réponses
Réponse % Correct
Espagne
65%
Albanie
57%
Luxembourg
49%
Irlande
49%
République Tchèque
48%
Andorre
45%
Russie
45%
Pologne
45%
Macédoine du Nord
44%
Malte
43%
Estonie
43%
Autriche
40%
Saint-Marin
38%
Hongrie
38%
Lituanie
29%
Aucun quiz correspondant
Distribution des résultats
% des personnes avec chaque résultat
Percentile par nombre de réponses
Votre historique - résultats
Vous n’avez pas pris ce quiz